Imágenes de mundo. Tres poemas a los antecesores literarios y tres concepciones de lo real.
Gorde:
| Egile nagusia: | |
|---|---|
| Beste egile batzuk: | |
| Formatua: | Ezezaguna |
| Argitaratua: |
[Santiago, Chile]:
Ediciones Bastante,
2016.
|
| Saila: | Ensayo.
|
| Gaiak: | |
| Etiketak: |
Etiketa erantsi
Etiketarik gabe, Izan zaitez lehena erregistro honi etiketa jartzen!
|
MARC
| LEADER | 00000 a2200000 4500 | ||
|---|---|---|---|
| 003 | CL-VaPUC | ||
| 005 | 20241015094815.0 | ||
| 008 | 240926t2016 ||||| |||| 00| 0 eng d | ||
| 999 | |c 444441 |d 444439 | ||
| 020 | |a 978-956-9467-07-3 | ||
| 040 | |c Pontificia Universidad Católica de Valparaíso | ||
| 082 | |2 22 |a 808.81009 CLA 2016 | ||
| 100 | |a Claro, Andrés |9 890641 |e autor | ||
| 245 | |a Imágenes de mundo. |b Tres poemas a los antecesores literarios y tres concepciones de lo real. | ||
| 260 | |a [Santiago, Chile]: |b Ediciones Bastante, |c 2016. | ||
| 300 | |a 84 páginas. | ||
| 490 | |a Ensayo. | ||
| 583 | |k Yessy Díaz Vidal |c 20240926 | ||
| 600 | 0 | |9 891784 |a Fu, Du, |d 712-770 |x Poeta chino |v Crítica e interpretación | |
| 600 | 0 | |9 267078 |a Horacio |x Poeta latino |v Crítica e interpretación | |
| 600 | 0 | |9 363696 |a Pound, Ezra, |d 1885-1972 |x Poeta estadounidense |v Crítica e interpretación | |
| 650 | 0 | |9 372646 |a Poemas |x Literatura clásica |v Análisis lingüístico | |
| 650 | 0 | |9 891783 |a Poetas clásicos |x Formas del lenguaje | |
| 700 | |9 891763 |a Kurashima, Takahiro |e ilustración de portada | ||
| 942 | |2 ddc |c BK | ||
| 952 | |0 0 |1 0 |2 ddc |4 0 |6 808_810090000000000_CLA_2016 |7 0 |8 A |9 596991 |a BIBART |b BIBART |d 2024-09-26 |e 3 |g 9356.97 |i 5662837 |o 808.81009 CLA 2016 |p 5662837 |r 2025-03-13 |t 2 |v 9356.97 |w 2024-09-26 |y BK |k ART | ||
| 952 | |0 0 |1 0 |2 ddc |4 0 |6 808_810090000000000_CLA_2016 |7 0 |8 A |9 596992 |a BIBART |b BIBART |d 2024-09-26 |e 3 |g 9356.97 |i 5662836 |o 808.81009 CLA 2016 |p 5662836 |r 2025-03-13 |t 1 |v 9356.97 |w 2024-09-26 |y BK |k ART | ||